El fin de la modernidad : nihilismo y hermenéutica en la cultura posmoderna /
Guardado en:
| Autor Principal: | |
|---|---|
| Formato: | Libro |
| Publicado: |
Barcelona :
Gedisa,
2000
|
| Series: | Filosofía
|
| Materias: | |
| Etiquetas: |
Agregar Etiqueta
Sin Etiquetas, Sea el primero en etiquetar este registro!
|
| LEADER | 00966nam a22001935a 4500 | ||
|---|---|---|---|
| 001 | CEM.cems010905 | ||
| 005 | 20080305182415.0 | ||
| 008 | 130507s2000##################000#0#####d | ||
| 003 | CEMS | ||
| 020 | |a 8474322405 | ||
| 082 | 0 | 4 | |a 149 |
| 100 | 1 | |a Váttimo, Gianni | |
| 245 | 1 | 0 | |a El fin de la modernidad : |b nihilismo y hermenéutica en la cultura posmoderna / |c Gianni Vattimo |
| 260 | |a Barcelona : |b Gedisa, |c 2000 | ||
| 300 | |a 160 p. | ||
| 490 | 0 | |a Filosofía | |
| 505 | 0 | |a El nihilismo como destino -- Apología del nihilismo -- La crisis del humanismo -- La verdad del arte -- Muerte o crepúsculo del arte -- El quebrantamiento de la palabra poética -- Ornamento y monumento -- La estructura de las revoluciones artísticas -- Hermenéutica y nihilismo -- Verdad retórica en la ontología hermenéutica -- Hermenéutica y antropología -- El nihilismo y lo posmoderno en filosofía | |
| 653 | |a Filosofía | ||
| 859 | |a CEMS |b BIB. CEMS - 11 de abril |h 149 |i V459 |p 21642.02 |t Ej.1 | ||
